000 00590nam a2200205 i 4500
001 36394
003 ES-MaACL
005 20230906155348.0
007 t|
008 030218q1901 fr ||||1| fre d
100 1 _aBourget, Paul (
_d1852-1935)
_930991
245 1 0 _aMonique
_b: ; Les gestes ; Reconnaissance ; Trois écrits de guerre /
_cPaul Bourget.
260 _aParis :
_bPlon et Nourrit,
_c[1901?]
300 _a328 p. ;
_c19 cm.
740 0 _aMonique.
740 4 _aLes gestes.
740 0 _aReconnaissance.
740 0 _aTrois écrits de guerre.
852 _aES-MaACL
_jB-2802
999 _c36394
_d36394